|
|
|
|
| LEADER |
00000nam0a2200000 4500 |
| 001 |
373640 |
| 005 |
20231101050824.0 |
| 035 |
|
|
|a (RuTPU)RU\TPU\retro\31070
|
| 035 |
|
|
|a RU\TPU\book\272680
|
| 090 |
|
|
|a 373640
|
| 100 |
|
|
|a 20221216d1938 m y0rusy50 ca
|
| 101 |
0 |
|
|a rus
|
| 102 |
|
|
|a RU
|
| 105 |
|
|
|a a j 001zy
|
| 200 |
1 |
|
|a Курс строительной механики стержневых систем
|h Часть I. Статически-определимые системы
|f И. М. Рабинович
|
| 210 |
|
|
|a Москва
|c Государственное издательство строительной литературы
|d 1938
|a Ленинград
|
| 215 |
|
|
|a 371 с.
|c ил.
|
| 610 |
1 |
|
|a строительная механика
|
| 610 |
1 |
|
|a кинематический анализ
|
| 610 |
1 |
|
|a графические методы
|
| 610 |
1 |
|
|a инфлюенты
|
| 610 |
1 |
|
|a трехшарнирные арки
|
| 610 |
1 |
|
|a плоские фермы
|
| 610 |
1 |
|
|a расчет
|
| 610 |
1 |
|
|a пространственные фермы
|
| 610 |
1 |
|
|a шарнирные механизмы
|
| 610 |
1 |
|
|a учебники
|
| 610 |
1 |
|
|a коллекция русских учебников
|
| 675 |
|
|
|a 624.04(075)
|v 3
|
| 700 |
|
1 |
|a Рабинович
|b И. М.
|g Исаак Моисеевич
|
| 801 |
|
1 |
|a RU
|b 63413507
|c 20140213
|
| 801 |
|
2 |
|a RU
|b 63413507
|c 20221216
|g RCR
|
| 942 |
|
|
|c BK
|